Literatura árabe / (Record no. 82549)
[ view plain ]
| 000 -LEADER | |
|---|---|
| campo de control de longitud fija | 00671nam a2200181 i 4500 |
| 001 - NÚMERO DE CONTROL | |
| campo de control | 82549 |
| 003 - IDENTIFICADOR DE NÚMERO DE CONTROL | |
| campo de control | ES-MaACL |
| 005 - FECHA Y HORA DE LA ÚLTIMA TRANSACCIÓN | |
| campo de control | 20230906174708.0 |
| 007 - CAMPO FIJO DE DESCRIPCIÓN FÍSICA--INFORMACIÓN GENERAL | |
| campo de control de longitud fija | t| |
| 008 - DATOS DE LONGITUD FIJA--INFORMACIÓN GENERAL | |
| campo de control de longitud fija | 041111s1947 ag |||| | spa d |
| 100 1# - ENTRADA PRINCIPAL--NOMBRE DE PERSONA | |
| Nombre de persona | Huart, Clément. |
| 9 (RLIN) | 64465 |
| 245 10 - MENCIÓN DEL TÍTULO | |
| Título | Literatura árabe / |
| Mención de responsabilidad, etc. | por Clémet Huart ; con un prólogo estudio del erudito orientalista argentino Osvaldo A. Machado sobre "La cultura árabe y su historia literaria". |
| 260 ## - PUBLICACIÓN, DISTRIBUCIÓN, ETC. | |
| Lugar de publicación, distribución, etc. | Buenos Aires : |
| Nombre del editor, distribuidor, etc. | El Nilo, |
| Fecha de publicación, distribución, etc. | [1947] ( |
| Fabricante | Patagonia) |
| 300 ## - DESCRIPCIÓN FÍSICA | |
| Extensión | XVI, 607 p. : |
| Otras características físicas | il. ; |
| Dimensiones | 23 cm. |
| 650 #4 - PUNTO DE ACCESO ADICIONAL DE MATERIA--TÉRMINO DE MATERIA | |
| Término de materia o nombre geográfico como elemento de entrada | Literatura árabe- |
| Subdivisión general | Historia y crítica. |
| 9 (RLIN) | 168353 |
| 700 1# - ENTRADA AGREGADA--NOMBRE PERSONAL | |
| Nombre de persona | Machado, Osvaldo A. |
| 9 (RLIN) | 75165 |
| 852 ## - LOCALIZACIÓN | |
| Ubicación | ES-MaACL |
| Número de control de estantería | C-5019 |
| Estatus retirado | Estado de pérdida | Estado de daño | No para préstamo | Biblioteca de origen | Biblioteca actual | Ubicación en estantería | Fecha de adquisición | Fuente de adquisición | Total de préstamos | Signatura topográfica completa | Código de barras | Visto por última vez | Precio de reemplazo | Tipo de ítem Koha |
|---|---|---|---|---|---|---|---|---|---|---|---|---|---|---|
| Biblioteca del Ateneo de Madrid | Biblioteca del Ateneo de Madrid | Sala Palomar | 17/01/2008 | C-5019 | 1086272 | 23/02/2023 | 23/02/2023 | Libro impreso |
